Cognitive therapy across the lifespan

This book is an international team of experts examines the evidence supporting the effectiveness of cognitive-behavioral approaches for treating clinical problems across the lifespan.

Saved in:
Bibliographic Details
Format: Book
Language:Undetermined
Published: Cambridge Cambridge University Press 2003
Subjects:
Tags: Add Tag
No Tags, Be the first to tag this record!
Institutions: Trung tâm Học liệu Trường Đại học Cần Thơ
LEADER 00753nam a2200193Ia 4500
001 CTU_167232
008 210402s9999 xx 000 0 und d
020 |c 90 
082 |a 616.89142 
082 |b C676 
245 0 |a Cognitive therapy across the lifespan 
245 0 |c Edited by Mark A. Reinecke, David A. Clark 
260 |a Cambridge 
260 |b Cambridge University Press 
260 |c 2003 
520 |a This book is an international team of experts examines the evidence supporting the effectiveness of cognitive-behavioral approaches for treating clinical problems across the lifespan. 
650 |a Cognitive therapy,Liệu pháp nhận thức 
904 |i Lan anh, Giang 
980 |a Trung tâm Học liệu Trường Đại học Cần Thơ